00724nam a22002057a 4500003000900000008004100009020001500050040007100065082002300136245003600159260004500195300004900240505004700289650003600336650001800372650002300390650003400413700003200447700003900479AR-CdUCM190308b ||||| |||| 00| 0 spa d a8477821321 aMUNICIPALIDAD PROVINCIAL DEL CUSCOcBIBLIOTECA MUNICIPAL DEL CUSCO aC /770.92 / bC516 aMartín Chambi : b1920-1959 / a[España] : bLunwerg Editores, c1990. a115 ´paginas ; bFotografías ; c28.5 cm. aContenido: Martín Chambi -- Fotografias. aMartín Chambi - Fotografías aFotografías aArte fotográfico aMartín Chambi - Biografía aVargas Llosa, Mario (Texto) aLópez Mondéjar, Piblio (Texto)